[Event "Olympiad-44"]
[Site "Chennai"]
[Date "2022.08.03"]
[Round "6.3"]
[White "Jamal, Hamid Harmon Gulamo"]
[Black "Gole, Habtamu Ashenafi"]
[Result "1-0"]
[WhiteElo "1617"]
[BlackElo "2044"]
[PlyCount "141"]
[EventDate "2022.07.29"]
[EventType "team-swiss"]
[EventRounds "11"]
[EventCountry "IND"]
[SourceTitle "CBM 210"]
[Source "ChessBase"]
[SourceDate "2022.10.31"]
[SourceVersion "1"]
[SourceVersionDate "2022.10.31"]
[SourceQuality "1"]
[WhiteTeam "Mozambique"]
[BlackTeam "Ethiopia"]
[WhiteTeamCountry "MOZ"]
[BlackTeamCountry "ETH"]

1. e4 c5 2. Nf3 d6 3. d4 cxd4 4. Nxd4 Nf6 5. Nc3 a6 6. h3 g6 7. g4 Bg7 8. Bg2 0-0 9. Be3 Nc6 10. Qd2 Ne5 11. b3 Bd7 12. g5 Nh5 13. f4 Nc6 14. Nde2 Rc8 15. Bf3 Qa5 16. Bxh5 gxh5 17. Rd1 e6 18. Kf2 d5 19. exd5 Ne7 20. Bd4 Bxd4+ 21. Qxd4 Nf5 22. Qe5 Rxc3 23. Qxc3 Qb6+ 24. Ke1 Rc8 25. Qd3 Qa5+ 26. c3 Bb5 27. Qd2 Bxe2 28. Kxe2 Rxc3 29. dxe6 Qb5+ 30. Ke1 Re3+ 31. Kf2 Rxe6 32. Rhe1 Qc5+ 33. Kg2 Qc6+ 34. Kh2 Qf3 35. Rxe6 Qg3+ 36. Kh1 Qxh3+ 37. Kg1 Qg4+ 38. Kf2 Qg3+ 39. Kf1 Qf3+ 40. Ke1 Qh1+ 41. Ke2 Qg2+ 42. Kd3 Qd5+ 43. Kc2 Qxe6 44. Re1 Qc8+ 45. Qc3 Qxc3+ 46. Kxc3 h4 47. Kd3 Kg7 48. Ke4 Ng3+ 49. Kf3 Kg6 50. Kg4 Nf5 51. Re5 h6 52. gxh6 Nxh6+ 53. Kxh4 f6 54. Rc5 Nf5+ 55. Kg4 Ne3+ 56. Kf3 Nf5 57. Rc7 b6 58. Rc8 a5 59. Rg8+ Kf7 60. Rb8 b5 61. Ke4 Ke6 62. Re8+ Ne7 63. f5+ Kd6 64. Rxe7 Kxe7 65. Kd5 b4 66. Kc6 Ke8 67. Kd6 Kf7 68. Kd7 Kf8 69. Ke6 Kg7 70. Ke7 Kh6 71. Kxf6 1-0